| 000 | 01396nab a22002537a 4500 | ||
|---|---|---|---|
| 999 |
_c5754 _d5754 |
||
| 003 | OSt | ||
| 005 | 20260101234223.0 | ||
| 008 | 190514b xxu||||| |||| 00| 0 spa d | ||
| 040 | _cPJ | ||
| 100 |
_96668 _aMartino, Carolina B. |
||
| 245 | 1 | 0 |
_aImplicancias negativas del fallo emitido por la Corte Suprema sobre gestación por sustitución / _cCarolina B. Martino. |
| 300 | _ap. 64-70 | ||
| 500 | _aCita: TR LALEY AR/DOC/876/2025. | ||
| 505 | _aSumario: I. Hechos del caso.— II. Decisiones de los tribunales de primera y segunda instancia.— III. El recurso de queja de los actores.— IV. La decisión de la Corte.— V. Problemáticas jurídicas e interpretativas en juego.— VI. La exclusión de las parejas homosexuales masculinas del acceso a la gestación por sustitución.— VII. Breve reflexión final. | ||
| 505 | _tFallo comentado: CS ~ 22/10/2024 ~ S., I. N. c. A., C. L. s/ impugnación de filiación. | ||
| 650 | 0 |
_91497 _aCODIGO CIVIL Y COMERCIAL |
|
| 650 | 0 |
_94292 _aTÉCNICAS DE REPRODUCCIÓN HUMANA ASISTIDA |
|
| 650 | 0 |
_94486 _aGESTACION POR SUSTITUCION |
|
| 650 | 0 |
_91004 _aFILIACION |
|
| 650 | 0 |
_9699 _aFALLOS DE LA CORTE SUPREMA |
|
| 650 | 0 |
_91057 _aJURISPRUDENCIA APLICABLE |
|
| 773 | 0 |
_02844 _93222 _dBuenos Aires : AbeledoPerrot, 1989- _tDerecho de familia. Revista Interdisciplinaria de doctrina y jurisprudencia. Junio 2025-III. _z18511201 |
|
| 942 |
_2udc _cANA |
||